Responses for Show #2746 - Monday, July 8, 1996

Contestants

[<< previous game]

Gary Frost, a graduate student from Chapel Hill, North Carolina

Tom Heffron, a facilities manager from Vancouver, British Columbia, Canada

Carol Ann Krug, a software design engineer from Sunnyvale, California (whose 3-day cash winnings total $39,002)

[next game >>]

Jeopardy! Round responses

THE WIZARD OF OZ
MEXICO CITIES
5-LETTER WORDS
HISTORIC PEOPLE
BUSINESS & INDUSTRY
SONGS FROM MUSICALS
    $100 8
the slippers (the shoes)

Carol Ann
    $100 1
the Rio Grande

Gary
    $100 6
the aisle

Carol Ann
    $100 12
Darwin

Carol Ann
    $100 24
Budweiser

Carol Ann
    $100 14
Camelot

Carol Ann
    $200 22
the Wicked Witch of the West

Gary
    $200 2
the Yucatan

Carol Ann
    $200 7
a sheaf

Tom
    $200 13
(Gary: Who is Santiago?)

Santa Anna

TomGary
    $200 25
(Tom: What are atlases?)
(Gary: What are organs?)
...
(Alex: Tom, you were the closest. He started out making [*]. Atlases are books of [*], but he was just making the [*].)

maps

TomGary
Triple Stumper
    $200 18
Grease

Gary
    $300 23
(Gary: What is gold?)

yellow brick

Carol AnnGary
    $300 3
mariachis

Carol Ann
    $300 9
chaps

Carol Ann
    $300 15
(Carol Ann: Who is Sadat?)

Gamal Abdel Nasser

Carol AnnGary
    $300 26
American Express

Gary
    $300 19
The Music Man

Tom
    $400 29
(Gary: Who is the Cowardly Lion?)

the Scarecrow

Carol AnnGary
    $500 4
Veracruz

Carol Ann
    $400 10
greet

Carol Ann
    $400 16
Garibaldi

Gary
    $400 27
Goodyear

Tom
    $400 20
Annie Get Your Gun

Tom
    $500 30
Auntie Em

Carol Ann
    $500 5
the Pan-American Highway

Carol Ann
    $500 11
credo

Gary
    $500 17
Maria Theresa

Tom
    $500 28
an umbrella

Gary
    $500 21
Guys and Dolls

Tom

Scores at the first commercial break (after clue 15):

Carol Ann Tom Gary
$2,300 $400 $700

Scores at the end of the Jeopardy! Round:

Carol Ann Tom Gary
$3,600 $2,300 $1,400

Double Jeopardy! Round responses

ARCHITECTURE
SCIENTISTS
INTERNATIONAL CUISINE
VICE PRESIDENTS
MOUNTAINS
FILM DIRECTORS
    $200 12
Rome

Carol Ann
    $200 1
Celsius

Gary
    $200 26
veal

Tom
    $200 11
Quayle

Carol Ann
    $200 6
Vesuvius

Carol Ann
    $200 17
Hitchcock

Carol Ann
    $400 13
Times Square

Carol Ann
    $400 2
Roentgen

Gary
    $400 27
grape leaves

Tom
    $400 20
a five-cent cigar

Gary
    $400 7
Mount Sinai

Tom
    $400 18
(Carol Ann: Who is D.W. Griffiths?)
...
(Alex: No "S" on the end of his name.)

D.W. Griffith

Carol AnnGary
    $600 14
(Tom: What is the Jefferson Memorial?)

the Lincoln Memorial

Carol AnnTom
    $600 3
Mendel

Carol Ann
    $600 30
chutney

Carol Ann
    $600 21
FDR

Gary
    $600 8
the Canary Islands

Gary
    $600 24
Fellini

Gary
    $800 15
Chicago

Gary
    $800 4
Foucault

Carol Ann
    $1,000 28
Peking duck

Tom
    $800 22
a senator

Gary
    $800 9
the Cascades

Tom
    $800 19
Stanley Kubrick

Triple Stumper
    $1000 16
Capability

Carol Ann
    $1000 5
(Hans) Krebs

Carol Ann
    $1000 29
(Tom: What is hummus?)
(Gary: What is tabouleh?)

baba ghanoush

Carol AnnTomGary
    $3,000 23
Millard Fillmore

Gary
    $1000 10
(Gary: What is El Salvador?)

Nicaragua

TomGary
    $1000 25
(Alex: And we have about a minute to go.)

Fritz Lang

Gary

Scores at the end of the Double Jeopardy! Round:

Carol Ann Tom Gary
$10,000 $4,500 $8,200

[wagering suggestions for these scores]

Final Jeopardy! Round responses

SPORTS
TomWhat are Australia + the U.K.?
$4,000
GaryWhat are Australia & New Zealand
$8,000
Carol AnnWhat are Australia & UK?
$6,401
Australia & New Zealand

Final scores:

Carol Ann Tom Gary
$3,599 $500 $16,200
2nd place: Broyhill living room set 3rd place: Curtis Mathes 35" home theater monitor New champion: $16,200

Game dynamics:

Coryat scores:

Carol Ann Tom Gary
$9,900 $4,300 $6,200
26 R
(including 1 DD),
2 W
13 R
(including 1 DD),
3 W
19 R
(including 1 DD),
6 W

Combined Coryat: $20,400

[game clues] [game scores] [suggest correction]

Game tape date: Unknown
The J! Archive is created by fans, for fans. Scraping, republication, monetization, and malicious use prohibited; this site may use cookies and collect identifying information. See terms. The Jeopardy! game show and all elements thereof, including but not limited to copyright and trademark thereto, are the property of Jeopardy Productions, Inc. and are protected under law. This website is not affiliated with, sponsored by, or operated by Jeopardy Productions, Inc. Join the discussion at JBoard.tv.